| 000 | 00541cam a22002051 4500 | ||
|---|---|---|---|
| 001 | af 47006811 | ||
| 003 | DLC | ||
| 005 | 20260227110839.0 | ||
| 008 | 860906s1945 fr 000 1 fre c | ||
| 010 | _aaf 47006811 | ||
| 035 | _a(OCoLC)14190740 | ||
| 040 |
_aNew York. Public Library _cCLU _dDLC |
||
| 042 | _apremarc | ||
| 050 | 0 | 0 |
_aPQ2637.E39 _bR6 |
| 100 | 1 | _aSeignolle, Claude. | |
| 245 | 1 | 3 | _aLe rond des sorciers. |
| 260 |
_aParis, _bÉditions des Quatre-Vents, _c1945. |
||
| 300 |
_a184 p. _c19 cm. |
||
| 440 | 3 | _aLa vie romancière | |
| 999 |
_c3695 _d3695 |
||